000 00527nam a2200205 4500
003 OSt
005 20151008182153.0
008 800528s1980 sp
020 _a84-320-7132-3
040 _cBMC
082 _a863
100 1 _aSuárez, Gonzalo
_936520
245 1 0 _aGorila en Hollywood
_b: relatos
_cGonzalo Suárez
250 _a1ª ed
260 _aBarcelona
_bPlaneta
_c1980
300 _a210 p.
_c21 cm
490 0 _aColección Narrativa
_v32
650 2 4 _929289
_aNovela española
942 _2ddc
_cBK
999 _c22739
_d22739